| 000 | 01386cam a2200325 a 4500 | ||
|---|---|---|---|
| 001 | 2085632 | ||
| 005 | 20170105102347.0 | ||
| 008 | 950206r1995 nyua b 001 0 eng | ||
| 010 | _a 95001229 | ||
| 020 | _a0780310780 | ||
| 040 |
_aDLC _cDLC _dDLC |
||
| 050 | 0 | 0 |
_aTK7871.6 _b.M512 1995 |
| 082 | 0 | 0 |
_a621.381331 _220 |
| 100 | _4Pozar, David M. | ||
| 245 | 0 | 0 |
_aMicrostrip antennas : the analysis and design of microstrip antennas and arrays _bthe analysis and design of microstrip antennas and arrays _cDavid M. Pozar, Daniel H. Schaubert. |
| 260 |
_aNew York : _bInstitute of Electrical and Electronics Engineers, _cc1995. |
||
| 300 |
_ax, 431 p. : _bill. ; _c29 cm. |
||
| 500 | _a"A selected reprint volume." | ||
| 500 | _a"IEEE Antennas and Propagation Society, sponsor." | ||
| 504 | _aIncludes bibliographical references and indexes. | ||
| 650 | 0 | _aMicrostrip antennas. | |
| 700 | 1 | _aPozar, David M. | |
| 700 | 1 | _aSchaubert, D. | |
| 710 | 2 | _aIEEE Antennas and Propagation Society. | |
| 856 | 4 | 2 |
_3Publisher description _uhttp://www.loc.gov/catdir/description/wiley036/95001229.html |
| 856 | 4 |
_3Table of Contents _uhttp://www.loc.gov/catdir/toc/onix07/95001229.html |
|
| 906 |
_a7 _bcbc _corignew _d1 _eocip _f19 _gy-gencatlg |
||
| 942 |
_2ddc _cBK |
||
| 999 |
_c11749 _d11749 |
||